000 00371nam a22001697a 4500
005 20160625115247.0
008 160625b xxu||||| |||| 00| 0 eng d
020 _a81-203-2608-3
041 _aeng
082 _b10055
100 _aSatyanarayan, J
_92759
245 _aE.Government
260 _bPHI
_c2004
300 _a279
650 _aManagement
_9241
942 _cBK
999 _c3987
_d3986